Państwa Afryki - Statystyki

Ogólne statystyki
  • Ten quiz został rozwiązany 19 razy
  • Średni wynik to 13 z 15
Answers on the Grid
Answers color-coded by a green-red scale on the quiz's grid according to % correct below.
Somalia
Ukraina
Namibia
Republika Południowej Afryki
Norwegia
Haiti
Rosja
Tanzania
Mauretania
Tadżykistan
Uzbekistan
Republika Konga
Uganda
Polska
Japonia
Demokratyczna Republika Konga
Rwanda
Chiny
Burundi
Brazylia
Surinam
Libia
Benin
Nikaragua
Mongolia
Islandia
Togo
Algieria
Tunezja
Armenia
 
Statystyki odpowiedzi
Odpowiedź % Poprawnych
Mauretania
100%
Republika Południowej Afryki
100%
Uganda
100%
Burundi
89%
Demokratyczna Republika Konga
89%
Namibia
89%
Republika Konga
89%
Rwanda
89%
Somalia
89%
Tanzania
89%
Algieria
78%
Libia
78%
Benin
67%
Tunezja
67%
Togo
56%
Nie znaleziono quizów pasujących do podanych kryteriów
Rozkład punktacji
Procent ludzi z każdym wynikiem
Percentyl według liczby udzielonych odpowiedzi
Twoja historia wyników
Nie rozwiązałeś tego quizu